| 000 | 00494nam a22001937a 4500 | ||
|---|---|---|---|
| 003 | OSt | ||
| 005 | 20140310182011.0 | ||
| 008 | 121119t xxu||||| |||| 00| 0 eng d | ||
| 020 | _a0899545408 | ||
| 050 |
_aPZ 7 _b.K18 1986 |
||
| 082 |
_aKF _bB81k 1986 |
||
| 245 |
_aThe Karate Kid II _cChristopher Brown |
||
| 260 |
_aOhio _bAntioch Publishing Company _c1986 |
||
| 300 |
_g15cm _a12 p. ; _bill. col |
||
| 541 | _j1 | ||
| 562 | _e1 | ||
| 650 |
_aKarate. _95984 |
||
| 942 |
_2lcc _cBK-KF _kKF |
||
| 999 |
_c8136 _d8136 |
||